NBA players 2023-24 by picture - Statistics

General Stats
  • This quiz has been taken 685 times
  • The average score is 15 of 16
Answer Stats
Picture Answer % Correct
LeBron James
99%
Steph Curry
99%
Anthony Davis
98%
Kevin Durant
98%
Jason Tatum
97%
Nicola Jokic
97%
Zion Williamson
97%
Devin Booker
95%
Giannis Antetokounmpo
95%
Jimmy Butler
95%
Klay Thompson
95%
Victor Wembanyama
94%
Jamal Murray
89%
Jalen Brunson
88%
Brandon Miller
67%
Kevin Huerter
62%
No matching quizzes found
Score Distribution
Percent of People with Each Score
Percentile by Number Answered
Your Score History
You have not taken this quiz